[Event "4NCL/Div3/SLOS2 vs. PAND"]
[Site "Sunningdale ENG"]
[Date "2008.05.03"]
[Round "9.5"]
[White "Edgell, Ben P"]
[Black "Woolley, Jos"]
[Result "1-0"]
[WhiteElo "2089"]
[BlackElo "2101"]
[PlyCount "61"]
[EventDate "2008.05.03"]
[EventType "team"]
[EventRounds "11"]
[EventCountry "ENG"]
[SourceDate "2007.09.15"]

1. d4 Nf6 2. Nf3 e6 3. g3 c5 4. c4 cxd4 5. Nxd4 Bc5 6. Nb3 Bb4+ 7. Bd2 Be7 8.
Nc3 d5 9. cxd5 exd5 10. Bg5 h6 11. Bxf6 Bxf6 12. Bg2 d4 13. Nd5 Nc6 14. Nxf6+
Qxf6 15. O-O O-O 16. Rc1 Bg4 17. h3 Bf5 18. Nc5 b6 19. Nb3 Bd7 20. e3 d3 21.
Qxd3 Ne5 22. Qd4 Bb5 23. f4 Nd7 24. Qxf6 Nxf6 25. Rfd1 Rac8 26. Nd4 Bd7 27. g4
Rfe8 28. Kf2 Bxg4 29. hxg4 Nxg4+ 30. Kf3 Rxc1 31. Rxc1 1-0

[Event "4NCL/Div3/SLOS2 vs. PAND"]
[Site "Sunningdale ENG"]
[Date "2008.05.03"]
[Round "9.6"]
[White "Dilley, Jason M"]
[Black "Purton, Ben J"]
[Result "1-0"]
[WhiteElo "2163"]
[BlackElo "2105"]
[PlyCount "47"]
[EventDate "2008.05.03"]
[EventType "team"]
[EventRounds "11"]
[EventCountry "ENG"]
[SourceDate "2007.09.15"]

1. d4 f6 2. Nf3 Kf7 3. e4 e6 4. Bd3 d5 5. c4 Bb4+ 6. Nc3 c5 7. O-O cxd4 8. Nxd4
Bxc3 9. bxc3 dxe4 10. Bxe4 Ne7 11. Qh5+ g6 12. Qf3 Na6 13. Rd1 Qa5 14. Bxb7
Bxb7 15. Qxb7 Rhd8 16. Be3 Qa4 17. Qb5 Qa3 18. Nc6 Nxc6 19. Qxc6 Rxd1+ 20. Rxd1
Re8 21. h3 Qxa2 22. Rd7+ Re7 23. Qb7 Qa3 24. Rxe7+ 1-0

[Event "4NCL/Div3/SLOS2 vs. PAND"]
[Site "Sunningdale ENG"]
[Date "2008.05.03"]
[Round "9.7"]
[White "Russell, Chris"]
[Black "Coates, David"]
[Result "1/2-1/2"]
[WhiteElo "2054"]
[BlackElo "2050"]
[PlyCount "73"]
[EventDate "2008.05.03"]
[EventType "team"]
[EventRounds "11"]
[EventCountry "ENG"]
[SourceDate "2007.09.15"]

1. e4 c5 2. c3 Nf6 3. e5 Nd5 4. g3 Nc6 5. Bg2 e6 6. Nf3 d6 7. exd6 Bxd6 8. d4
O-O 9. O-O h6 10. c4 Nf6 11. dxc5 Bxc5 12. Qe2 Qe7 13. Nc3 Rd8 14. Bf4 Bd7 15.
Rad1 Be8 16. a3 a5 17. Nb5 Rac8 18. h3 Nh5 19. Be3 Nf6 20. Kh2 e5 21. Bxc5 Qxc5
22. Rde1 e4 23. Nd2 Nd4 24. Nxd4 Qxd4 25. Nxe4 Nxe4 26. Bxe4 Qxc4 27. Bxb7 Qxe2
28. Rxe2 Bb5 29. Bxc8 Bxe2 30. Re1 Rd2 31. b4 axb4 32. axb4 Rb2 33. Kg2 Bb5 34.
Bb7 Rxb4 35. Re7 Kf8 36. Rc7 Rc4 37. Rxc4 1/2-1/2

[Event "4NCL/Div3/SLOS2 vs. PAND"]
[Site "Sunningdale ENG"]
[Date "2008.05.03"]
[Round "9.8"]
[White "Gallagher, Marie"]
[Black "Martin, Katie"]
[Result "1/2-1/2"]
[WhiteElo "1730"]
[BlackElo "1906"]
[PlyCount "55"]
[EventDate "2008.05.03"]
[EventType "team"]
[EventRounds "11"]
[EventCountry "ENG"]
[SourceDate "2007.09.15"]

1. e4 e5 2. f4 exf4 3. Nf3 Be7 4. Bc4 Nf6 5. e5 Ng4 6. O-O Nc6 7. d4 d5 8. exd6
Qxd6 9. Nc3 Na5 10. Nb5 Qd8 11. Bxf4 Nxc4 12. Nxc7+ Kf8 13. Nxa8 Nce3 14. Qe2
Nxf1 15. Rxf1 Bd6 16. Qe4 Qe7 17. Bxd6 Qxd6 18. c4 f5 19. Qe2 f4 {=} 20. c5 Qe6
21. Qxe6 Bxe6 22. Ng5 Bxa2 23. Rxf4+ Nf6 24. Nc7 Ke7 25. Nb5 h6 26. Nf3 a6 27.
Nc3 Bb3 28. Ne5 {....30 moves} 1/2-1/2

[Event "4NCL/Div3/NWE2 vs. ANGA1"]
[Site "Sunningdale ENG"]
[Date "2008.05.03"]
[Round "9.1"]
[White "Jaunooby, Ali"]
[Black "Talsma, Paul A"]
[Result "0-1"]
[WhiteElo "2154"]
[BlackElo "2235"]
[PlyCount "44"]
[EventDate "2008.05.03"]
[EventType "team"]
[EventRounds "11"]
[EventCountry "ENG"]
[SourceDate "2007.09.15"]

1. d4 f5 2. g4 d5 3. Nf3 fxg4 4. Ne5 Nf6 5. h3 g3 6. fxg3 e6 7. Bg2 Bd6 8. Bf4
O-O 9. e3 c5 10. Nd2 Nc6 11. c3 Qc7 12. Ng4 Nxg4 13. hxg4 cxd4 14. Qc2 g6 15.
cxd4 Bd7 16. Nf3 Rac8 17. Ng5 Qa5+ 18. Kd1 Nxd4 19. Qb1 Rc2 20. exd4 Rxg2 21.
Be3 Qb5 22. Re1 Rf1 0-1

[Event "4NCL/Div3/NWE2 vs. ANGA1"]
[Site "Sunningdale ENG"]
[Date "2008.05.03"]
[Round "9.2"]
[White "Munson, Shaun D"]
[Black "Connor, Stephen J"]
[Result "1-0"]
[WhiteElo "2181"]
[BlackElo "2105"]
[PlyCount "39"]
[EventDate "2008.05.03"]
[EventType "team"]
[EventRounds "11"]
[EventCountry "ENG"]
[SourceDate "2007.09.15"]

1. d4 Nf6 2. Bg5 d5 3. Nc3 Bf5 4. f3 Nbd7 5. Nxd5 Nxd5 6. e4 h6 7. Bh4 g5 8.
Bf2 Bg7 9. exd5 Nb6 10. c4 Qd7 11. Qd2 c6 12. dxc6 bxc6 13. O-O-O Rc8 14. h4 c5
15. b3 cxd4 16. Bxd4 Qb5 17. Bxg7 Nxc4 18. Qc3 Qa6 19. Bxc4 Qxa2 20. Bb5+ 1-0

[Event "4NCL/Div3/NWE2 vs. ANGA1"]
[Site "Sunningdale ENG"]
[Date "2008.05.03"]
[Round "9.3"]
[White "Burke, John"]
[Black "Player, Edmund C"]
[Result "1-0"]
[WhiteElo "2071"]
[BlackElo "2133"]
[PlyCount "49"]
[EventDate "2008.05.03"]
[EventType "team"]
[EventRounds "11"]
[EventCountry "ENG"]
[SourceDate "2007.09.15"]

1. f4 d5 2. Nf3 Nf6 3. d3 e6 4. c3 Be7 5. Qc2 c5 6. e4 Nc6 7. Be2 O-O 8. O-O b5
9. e5 Nd7 10. d4 cxd4 11. cxd4 Qb6 12. Kh1 Nxd4 13. Nxd4 Qxd4 14. Bxb5 Qb6 15.
Bd3 g6 16. Nc3 Ba6 17. Bxa6 Qxa6 18. Be3 Rfc8 19. Qd2 Rc7 20. f5 Nxe5 21. fxe6
Qxe6 22. Qxd5 Qxd5 23. Nxd5 Rd7 24. Rad1 Re8 25. Bf4 1-0

[Event "4NCL/Div3/NWE2 vs. ANGA1"]
[Site "Sunningdale ENG"]
[Date "2008.05.03"]
[Round "9.4"]
[White "Spence, David"]
[Black "Morrison, Lynne"]
[Result "1-0"]
[WhiteElo "2198"]
[BlackElo "1933"]
[PlyCount "69"]
[EventDate "2008.05.03"]
[EventType "team"]
[EventRounds "11"]
[EventCountry "ENG"]
[SourceDate "2007.09.15"]

1. e4 c5 2. c3 d5 3. exd5 Qxd5 4. d4 e6 5. Nf3 Nf6 6. a3 Nc6 7. Be3 b6 8. Bd3
Bb7 9. O-O c4 10. Bc2 b5 11. Re1 Be7 12. Nbd2 h6 13. b3 Na5 14. bxc4 bxc4 15.
Bf4 g5 16. Be5 Rg8 17. Bxf6 Bxf6 18. Be4 Qd7 19. Bxb7 Nxb7 20. Nxc4 Kf8 21.
Nfe5 Qc7 22. Qf3 Kg7 23. Rab1 Rab8 24. Ng4 Be7 25. Nce5 Nd6 26. Rxb8 Rxb8 27.
c4 Qa5 28. Rd1 Qc7 29. Nc6 Rb2 30. Qc3 Rb7 31. d5+ f6 32. c5 exd5 33. cxd6 Qxd6
34. Nd4 Qf4 35. Ne6+ 1-0

[Event "4NCL/Div3/NWE2 vs. ANGA1"]
[Site "Sunningdale ENG"]
[Date "2008.05.03"]
[Round "9.5"]
[White "Tandi, Ed"]
[Black "Gray, Mark S"]
[Result "0-1"]
[WhiteElo "1910"]
[BlackElo "2129"]
[PlyCount "66"]
[EventDate "2008.05.03"]
[EventType "team"]
[EventRounds "11"]
[EventCountry "ENG"]
[SourceDate "2007.09.15"]

1. d4 Nf6 2. Nf3 d5 3. c4 e6 4. Bg5 Be7 5. e3 h6 6. Bf4 O-O 7. Nbd2 c5 8. Be2
Nc6 9. dxc5 Bxc5 10. O-O Nh5 11. cxd5 exd5 12. Nb3 Bb6 13. Be5 Nxe5 14. Nxe5
Nf6 15. Nf3 Ne4 16. Nbd4 Bg4 17. Rc1 Qf6 18. b4 Rac8 19. Qd3 Rfd8 20. Qb3 Bxd4
21. Rxc8 Rxc8 22. Qxd5 Nc3 23. Qxb7 Nxe2+ 24. Kh1 Bb6 25. Re1 Rc1 26. Rxc1 Nxc1
27. h3 Bxf3 28. Qc8+ Qd8 29. Qxd8+ Bxd8 30. gxf3 Nxa2 31. Kg1 Nxb4 32. Kf1 a5
33. Ke1 a4 0-1

[Event "4NCL/Div3/NWE2 vs. ANGA1"]
[Site "Sunningdale ENG"]
[Date "2008.05.03"]
[Round "9.6"]
[White "Gregory, Stephen J"]
[Black "Kamath, Raghu"]
[Result "1-0"]
[WhiteElo "2179"]
[BlackElo "1880"]
[PlyCount "101"]
[EventDate "2008.05.03"]
[EventType "team"]
[EventRounds "11"]
[EventCountry "ENG"]
[SourceDate "2007.09.15"]

1. e4 e5 2. Bc4 Nc6 3. Nf3 Be7 4. Qe2 d6 5. c3 Nf6 6. d3 a6 7. Bb3 O-O 8. Nbd2
b5 9. Nf1 Nh5 10. g3 Kh8 11. Ne3 Be6 12. Bc2 Qd7 13. d4 Bg4 14. Nxg4 Qxg4 15.
h3 Qg6 16. Be3 exd4 17. cxd4 Nb4 18. Bb1 Nf6 19. a3 Nc6 20. Nh4 Qh5 21. Qc2 Nd8
22. Qxc7 Re8 23. Bd3 Ne6 24. Qa5 g5 25. Be2 Qh6 26. Nf5 Qg6 27. Bf3 Ng7 28. g4
Bd8 29. Qc3 d5 30. Nxg7 Nxe4 31. Qc2 Kxg7 32. Rc1 Ba5+ 33. b4 Rac8 34. Qxc8
Rxc8 35. Rxc8 Qe6 36. Rc2 Bb6 37. O-O f5 38. gxf5 Qxf5 39. Bg4 Qf6 40. Rd1 Qg6
41. Rdc1 Qf7 42. Rc6 Qa7 43. Kg2 h6 44. Bf5 Nf6 45. Rc8 a5 46. R1c6 axb4 47.
axb4 Qb7 48. h4 g4 49. Bf4 Ne8 50. Bxh6+ Kg8 51. Rxe8+ 1-0

[Event "4NCL/Div3/NWE2 vs. ANGA1"]
[Site "Sunningdale ENG"]
[Date "2008.05.03"]
[Round "9.7"]
[White "Tsoukalas, Angelos"]
[Black "Cook, Michael"]
[Result "1/2-1/2"]
[WhiteElo "1785"]
[BlackElo "2071"]
[PlyCount "56"]
[EventDate "2008.05.03"]
[EventType "team"]
[EventRounds "11"]
[EventCountry "ENG"]
[SourceDate "2007.09.15"]

1. d4 d5 2. c4 e6 3. Nc3 c5 4. e3 Nf6 5. Nf3 Nc6 6. Be2 Bd6 7. a3 O-O 8. cxd5
exd5 9. dxc5 Bxc5 10. b4 Bd6 11. Nb5 Bb8 12. Bb2 Ne4 13. O-O Bg4 14. Nbd4 Re8
15. Nxc6 bxc6 16. Rc1 Qd6 17. g3 Bh3 18. Re1 Bc7 19. Qd4 f6 20. Nd2 Nxd2 21.
Qxd2 a5 22. Bf3 Kh8 23. Bd4 axb4 24. Bc5 Qd7 25. Bxb4 Be5 26. Rc2 Rac8 27. Rec1
Bd6 28. Bxd6 Qxd6 1/2-1/2

[Event "4NCL/Div3/NWE2 vs. ANGA1"]
[Site "Sunningdale ENG"]
[Date "2008.05.03"]
[Round "9.8"]
[White "Boulton, William"]
[Black "Coates, Christine"]
[Result "1-0"]
[WhiteElo "1940"]
[BlackElo "1490"]
[PlyCount "61"]
[EventDate "2008.05.03"]
[EventType "team"]
[EventRounds "11"]
[EventCountry "ENG"]
[SourceDate "2007.09.15"]

1. d4 d5 2. c4 c6 3. Nc3 Nf6 4. Bg5 dxc4 5. a4 Bg4 6. h3 Bh5 7. Qd2 e6 8. e3
Bb4 9. Bxc4 Nbd7 10. Qc2 Bg6 11. Bd3 Bxd3 12. Qxd3 Qb6 13. Nf3 O-O 14. O-O Rad8
15. Qc2 Be7 16. e4 Rfe8 17. Rfd1 h6 18. Bf4 Nh7 19. d5 cxd5 20. exd5 exd5 21.
Nxd5 Qc6 22. Qxc6 bxc6 23. Nxe7+ Rxe7 24. Ne5 Rxe5 25. Bxe5 Nhf8 26. Bd6 Rc8
27. Bxf8 Nxf8 28. Rac1 c5 29. Rd5 Ne6 30. Rd7 Nd4 31. Rxd4 1-0

[Event "4NCL/Div3/FCA1 vs. JUTK"]
[Site "Sunningdale ENG"]
[Date "2008.05.03"]
[Round "9.1"]
[White "Hetey, Laszlo"]
[Black "Williams, Simon K"]
[Result "0-1"]
[WhiteElo "2343"]
[BlackElo "2492"]
[PlyCount "100"]
[EventDate "2008.05.03"]
[EventType "team"]
[EventRounds "11"]
[EventCountry "ENG"]
[SourceDate "2007.09.15"]

1. d4 e6 2. c4 b6 3. Nc3 Bb7 4. Nf3 Bb4 5. Qc2 f5 6. a3 Bxc3+ 7. Qxc3 Nf6 8. g3
d6 9. Bg2 Nbd7 10. O-O O-O 11. b4 Qe7 12. Bb2 c5 13. dxc5 bxc5 14. Nd2 Bxg2 15.
Kxg2 e5 16. Rad1 Rac8 17. Kg1 Qf7 18. Qd3 Qe6 19. f3 Nb6 20. Qb3 Rf7 21. Rc1 h5
22. Qd3 cxb4 23. axb4 Rfc7 24. Rfd1 h4 25. gxh4 Nh5 26. e3 Qf6 27. c5 dxc5 28.
bxc5 Rxc5 29. Nf1 Kh7 30. Rxc5 Rxc5 31. Ba3 Rd5 32. Qc2 Rxd1 33. Qxd1 Qxh4 34.
Qc2 e4 35. fxe4 fxe4 36. Qg2 Nc4 37. Bc5 a5 38. Bd4 Nd6 39. Bc3 a4 40. Be5 Nf5
41. h3 a3 42. Kh2 Nf6 43. Kg1 Nd7 44. Bc3 Nc5 45. Bb4 Ne6 46. Bxa3 Ng5 47. Qe2
Nxh3+ 48. Kg2 Nd4 49. Qd1 Nf3 50. Ng3 Nf2 0-1

[Event "4NCL/Div3/FCA1 vs. JUTK"]
[Site "Sunningdale ENG"]
[Date "2008.05.03"]
[Round "9.2"]
[White "Harakis, Alexis"]
[Black "Tippleston, Charles"]
[Result "1-0"]
[WhiteElo "2220"]
[BlackElo "2185"]
[PlyCount "91"]
[EventDate "2008.05.03"]
[EventType "team"]
[EventRounds "11"]
[EventCountry "ENG"]
[SourceDate "2007.09.15"]

1. d4 d5 2. c4 c6 3. Nf3 Nf6 4. Qc2 a6 5. Bf4 g6 6. e3 Bg7 7. Nc3 O-O 8. h3
dxc4 9. Bxc4 b5 10. Bd3 Bb7 11. O-O Nbd7 12. b4 Nb6 13. Be5 Nfd5 14. a3 a5 15.
Bxg7 Kxg7 16. Nxd5 Nxd5 17. e4 Nf4 18. Qd2 Ne6 19. Qc3 Kg8 20. Bc2 axb4 21.
axb4 Qd6 22. Rad1 Nc7 23. Rfe1 Na6 24. Rb1 Bc8 25. e5 Qc7 26. Be4 Bb7 27. h4 f5
28. exf6 Rxf6 29. Ne5 Qd6 30. g3 Nc7 31. Qb3+ Kg7 32. Ng4 Rff8 33. Qe3 Rae8 34.
Qh6+ Kg8 35. h5 Rf7 36. hxg6 Rg7 37. gxh7+ Kh8 38. Qh5 Qxd4 39. Rbd1 Qxb4 40.
Ne5 Rf8 41. Ng6+ Rxg6 42. Bxg6 Nd5 43. Qe5+ Nf6 44. Rd7 Bc8 45. Rxe7 Qg4 46.
Qxf6+ 1-0

[Event "4NCL/Div3/FCA1 vs. JUTK"]
[Site "Sunningdale ENG"]
[Date "2008.05.03"]
[Round "9.3"]
[White "Reuben, Stewart"]
[Black "Mack, Andy"]
[Result "1/2-1/2"]
[WhiteElo "2129"]
[BlackElo "2236"]
[PlyCount "28"]
[EventDate "2008.05.03"]
[EventType "team"]
[EventRounds "11"]
[EventCountry "ENG"]
[SourceDate "2007.09.15"]

1. c4 g6 2. g3 Bg7 3. Bg2 d6 4. Nc3 Nf6 5. e4 c5 6. Nge2 Nc6 7. d4 cxd4 8. Nxd4
Nxd4 9. Qxd4 O-O 10. O-O Be6 11. Qd3 Rc8 12. Nd5 Ng4 13. Bf4 Ne5 14. Bxe5 Bxe5
1/2-1/2

[Event "4NCL/Div3/FCA1 vs. JUTK"]
[Site "Sunningdale ENG"]
[Date "2008.05.03"]
[Round "9.4"]
[White "Cooley, Chris"]
[Black "Smith, Graham"]
[Result "1-0"]
[WhiteElo "2272"]
[BlackElo "2105"]
[PlyCount "81"]
[EventDate "2008.05.03"]
[EventType "team"]
[EventRounds "11"]
[EventCountry "ENG"]
[SourceDate "2007.09.15"]

1. e4 e5 2. Nf3 Nc6 3. Bc4 Nf6 4. d3 Bc5 5. c3 d6 6. Nbd2 Qe7 7. b4 Bb6 8. Bb3
O-O 9. Nc4 Be6 10. a4 d5 11. Nxb6 axb6 12. b5 dxe4 13. Ba3 Bxb3 14. Bxe7 Bxd1
15. Bxf8 exf3 16. Kxd1 fxg2 17. Rg1 Na7 18. Ba3 Nd5 19. c4 Nf4 20. Kc2 Rd8 21.
Rad1 Nc8 22. Bc1 Ne2 23. Rxg2 Nxc1 24. Rxc1 Ne7 25. Re1 Ng6 26. Rg4 f6 27. Kc3
Nf4 28. Rxf4 exf4 29. Re7 Rc8 30. Kd4 h5 31. Rd7 Kh7 32. Ke4 Kh6 33. Kxf4 g6
34. Rf7 f5 35. h4 Rd8 36. Ke3 Re8+ 37. Kd2 Rc8 38. f4 Ra8 39. Rxc7 Rxa4 40.
Rxb7 Rxc4 41. dxc4 1-0

[Event "4NCL/Div3/FCA1 vs. JUTK"]
[Site "Sunningdale ENG"]
[Date "2008.05.03"]
[Round "9.5"]
[White "Borrowdale, Graham"]
[Black "Donovan, Nigel"]
[Result "1/2-1/2"]
[WhiteElo "2090"]
[BlackElo "2117"]
[PlyCount "62"]
[EventDate "2008.05.03"]
[EventType "team"]
[EventRounds "11"]
[EventCountry "ENG"]
[SourceDate "2007.09.15"]

1. d4 Nf6 2. c4 e6 3. Nf3 b6 4. g3 Ba6 5. b3 Bb4+ 6. Bd2 Be7 7. Nc3 d5 8. Bg2
c6 9. cxd5 cxd5 10. O-O Nbd7 11. Re1 O-O 12. Rb1 Ne4 13. b4 Rc8 14. Nxe4 dxe4
15. Ne5 Nxe5 16. dxe5 Qd5 17. Bf4 Qxd1 18. Rexd1 Bxe2 19. Rd7 Bd3 20. Rb2 Rfe8
21. Rxa7 Bf8 22. Be3 Rc4 23. a3 g6 24. h4 Bg7 25. Bf4 h6 26. Rb7 g5 27. hxg5
hxg5 28. Bxg5 Bxe5 29. Rd2 Ra8 30. Rxb6 Rxa3 31. b5 Rb3 1/2-1/2

[Event "4NCL/Div3/FCA1 vs. JUTK"]
[Site "Sunningdale ENG"]
[Date "2008.05.03"]
[Round "9.6"]
[White "Rice, Chris"]
[Black "Fraser-Mitchell, Jeremy"]
[Result "1-0"]
[WhiteElo "2108"]
[BlackElo "2036"]
[PlyCount "79"]
[EventDate "2008.05.03"]
[EventType "team"]
[EventRounds "11"]
[EventCountry "ENG"]
[SourceDate "2007.09.15"]

1. c4 e5 2. g3 Nc6 3. Bg2 g6 4. Nc3 Bg7 5. e4 Nge7 6. Nge2 O-O 7. O-O d6 8. d3
f5 9. Nd5 h6 10. Be3 Kh7 11. Qd2 Be6 12. Rae1 Qd7 13. b4 Rf7 14. b5 Nd4 15.
Nxe7 Rxe7 16. Bxd4 exd4 17. exf5 Bxf5 18. Bxb7 Rf8 19. Bc6 Qd8 20. Nf4 Re5 21.
Bg2 Qg5 22. h4 Qd8 23. Nd5 Rfe8 24. Rxe5 Rxe5 25. Bf3 Qd7 26. a4 Qf7 27. Bg2 g5
28. hxg5 hxg5 29. a5 Qg6 30. Nxc7 Bxd3 31. b6 axb6 32. axb6 Bxf1 33. Bxf1 Qf7
34. Qb4 Qf3 35. b7 Rf5 36. Qb2 d3 37. b8=Q Bxb2 38. Qxb2 Rc5 39. Ne6 Re5 40.
Qxe5 1-0

[Event "4NCL/Div3/FCA1 vs. JUTK"]
[Site "Sunningdale ENG"]
[Date "2008.05.03"]
[Round "9.7"]
[White "Freeman, Richard C P"]
[Black "Rich, Mark"]
[Result "1/2-1/2"]
[WhiteElo "2088"]
[BlackElo "2172"]
[PlyCount "44"]
[EventDate "2008.05.03"]
[EventType "team"]
[EventRounds "11"]
[EventCountry "ENG"]
[SourceDate "2007.09.15"]

1. e4 c5 2. Nc3 e6 3. f4 Nc6 4. Nf3 g6 5. Bb5 Nd4 6. Bd3 a6 7. Nxd4 cxd4 8. Ne2
Bg7 9. c3 dxc3 10. dxc3 d5 11. Be3 Nf6 12. Bd4 O-O 13. e5 Nd7 14. O-O f6 15.
exf6 Nxf6 16. Kh1 Bd7 17. Ng1 Qc7 18. g3 Bb5 19. Bxb5 axb5 20. Qe2 Qc6 21. Nf3
Ra6 22. a3 Qc4 1/2-1/2

[Event "4NCL/Div3/FCA1 vs. JUTK"]
[Site "Sunningdale ENG"]
[Date "2008.05.03"]
[Round "9.8"]
[White "Wilson, Alexandra"]
[Black "Evans, Helen"]
[Result "1-0"]
[WhiteElo "2044"]
[BlackElo "1695"]
[PlyCount "75"]
[EventDate "2008.05.03"]
[EventType "team"]
[EventRounds "11"]
[EventCountry "ENG"]
[SourceDate "2007.09.15"]

1. e4 d6 2. d4 Nf6 3. Nc3 c6 4. f3 Qb6 5. Bc4 e6 6. Nge2 d5 7. Bb3 Be7 8. Be3
dxe4 9. fxe4 Ng4 10. Qd2 Nxe3 11. Qxe3 Nd7 12. O-O-O Nf6 13. Qf3 Bd7 14. g4 O-O
15. g5 Ne8 16. h4 g6 17. Rdg1 Ng7 18. h5 e5 19. hxg6 hxg6 20. dxe5 Qd8 21. Qg3
Nh5 22. Qh4 Kg7 23. Kb1 Rh8 24. Rd1 Qe8 25. Rhf1 Be6 26. Bxe6 fxe6 27. Qg4 Bc5
28. Nd4 Bxd4 29. Rxd4 Kh7 30. Rd6 Rf8 31. Rxf8 Qxf8 32. Qxe6 Qf1+ 33. Rd1 Rf8
34. a3 Qf7 35. Qxf7+ Rxf7 36. e6 Re7 37. Rd7 Rg7 38. e7 1-0

[Event "4NCL/Div3/SWD2 vs. WWKS"]
[Site "Sunningdale ENG"]
[Date "2008.05.03"]
[Round "9.1"]
[White "Spice, Alan"]
[Black "Mason, Don"]
[Result "0-1"]
[WhiteElo "2165"]
[BlackElo "2249"]
[PlyCount "48"]
[EventDate "2008.05.03"]
[EventType "team"]
[EventRounds "11"]
[EventCountry "ENG"]
[SourceDate "2007.09.15"]

1. Nc3 c5 2. Nf3 Nc6 3. d4 cxd4 4. Nxd4 d6 5. g3 Bd7 6. Bg2 g6 7. O-O Bg7 8.
Nb3 Nf6 9. h3 O-O 10. Be3 Ne5 11. Bc1 Bc6 12. e4 e6 13. f4 Nc4 14. Qe2 b5 15.
Rd1 Qb6+ 16. Kh2 Rad8 17. a4 a6 18. axb5 axb5 19. g4 d5 20. e5 Ne4 21. Nxe4
dxe4 22. Rxd8 Rxd8 23. Bxe4 Rd1 24. Bxc6 Qg1# 0-1

[Event "4NCL/Div3/SWD2 vs. WWKS"]
[Site "Sunningdale ENG"]
[Date "2008.05.03"]
[Round "9.2"]
[White "Hynes, Anthony"]
[Black "Trevelyan, John"]
[Result "1/2-1/2"]
[WhiteElo "2251"]
[BlackElo "2181"]
[PlyCount "110"]
[EventDate "2008.05.03"]
[EventType "team"]
[EventRounds "11"]
[EventCountry "ENG"]
[SourceDate "2007.09.15"]

1. e4 d6 2. d4 e5 3. Nf3 Nd7 4. Bc4 c6 5. Ng5 Nh6 6. O-O Nb6 7. Bb3 Qf6 8. c3
Be7 9. dxe5 dxe5 10. f4 O-O 11. f5 g6 12. Nh3 gxf5 13. exf5 Nxf5 14. Bc2 Be6
15. Qh5 Qh4 16. Qxh4 Nxh4 17. Ng5 Bd5 18. Bxh7+ Kg7 19. Be4 Bc4 20. Re1 f5 21.
Bc2 e4 22. b3 Bd5 23. c4 Bg8 24. Bb2+ Bf6 25. Bxf6+ Kxf6 26. Nh3 Rfd8 27. Re2
Bf7 28. Nf4 Ke5 29. Nd3+ Kf6 30. Nf4 Rd4 31. Nc3 Rad8 32. Rd1 Rxd1+ 33. Nxd1 c5
34. Kf2 Rg8 35. h3 Nd7 36. Nc3 Ne5 37. Rd2 b6 38. Rd6+ Ke7 39. Rh6 Nhg6 40.
Ncd5+ Bxd5 41. Nxd5+ Kd6 42. Rh7 Nc6 43. Rh6 Ke5 44. g3 Nd4 45. Bd1 Rg7 46. Bh5
Nf8 47. Rh8 {=} Nfe6 48. Bd1 b5 49. Rb8 bxc4 50. bxc4 Rh7 51. h4 Nc6 52. Rc8
Na5 53. Re8 Kd6 54. Be2 Nd4 55. Rd8+ Ke5 1/2-1/2

[Event "4NCL/Div3/SWD2 vs. WWKS"]
[Site "Sunningdale ENG"]
[Date "2008.05.03"]
[Round "9.3"]
[White "Smith, Jeffrey R"]
[Black "Pitcher, John"]
[Result "1/2-1/2"]
[WhiteElo "2200"]
[BlackElo "2183"]
[PlyCount "80"]
[EventDate "2008.05.03"]
[EventType "team"]
[EventRounds "11"]
[EventCountry "ENG"]
[SourceDate "2007.09.15"]

1. e4 c5 2. Nc3 Nc6 3. g3 g6 4. Bg2 Bg7 5. d3 d6 6. Be3 Rb8 7. Qd2 b5 8. Nge2
Nd4 9. O-O e6 10. Nc1 b4 11. Nd1 Ne7 12. c3 bxc3 13. bxc3 Ndc6 14. Bh6 O-O 15.
Bxg7 Kxg7 16. Ne3 f5 17. exf5 exf5 18. Ne2 Be6 19. Nf4 Bf7 20. h4 Qa5 21. Rfe1
Rfe8 22. Re2 Ne5 23. Rae1 Ng8 24. Nfd5 Rf8 25. d4 cxd4 26. Qxd4 Bxd5 27. Nxd5
Nf6 28. f4 Neg4 29. Re7+ Kh6 30. Nxf6 Nxf6 31. Rxa7 Qb6 32. Ree7 Qxd4+ 33. cxd4
Rb2 34. Reb7 Rd2 35. a4 Rc8 36. Rc7 Re8 37. Re7 Rc8 38. Rec7 Re8 39. Re7 Rc8
40. Rec7 Re8 1/2-1/2

[Event "4NCL/Div3/SWD2 vs. WWKS"]
[Site "Sunningdale ENG"]
[Date "2008.05.03"]
[Round "9.4"]
[White "James, Russell A"]
[Black "Morris, Gareth L"]
[Result "1-0"]
[WhiteElo "2223"]
[BlackElo "2133"]
[PlyCount "107"]
[EventDate "2008.05.03"]
[EventType "team"]
[EventRounds "11"]
[EventCountry "ENG"]
[SourceDate "2007.09.15"]

1. e4 c5 2. c3 d5 3. exd5 Qxd5 4. d4 Nf6 5. Nf3 g6 6. c4 Qd6 7. d5 Bg7 8. Nc3
a6 9. g3 O-O 10. Bg2 Bg4 11. O-O Qd8 12. Qb3 Qc8 13. Re1 Re8 14. Bf4 Nh5 15.
Bg5 f6 16. Bd2 Bf8 17. Ne4 Nd7 18. h3 Bxf3 19. Bxf3 Ng7 20. Bc3 Nf5 21. Bg4 h5
22. Bxf5 gxf5 23. Nd2 Bh6 24. Qd1 Bxd2 25. Bxd2 e5 26. Qxh5 Nf8 27. Bh6 Qd7 28.
Bxf8 Rxf8 29. Qg6+ Kh8 30. Re3 Qh7 31. Qxh7+ Kxh7 32. f4 Rfe8 33. Rae1 e4 34.
Kf2 Kg6 35. a4 Rad8 36. Rb3 Rd7 37. Rb6 Rh8 38. Kg2 Rf8 39. Re3 Kh5 40. a5 Re7
41. Kf2 Rh7 42. Re6 Kg6 43. Kg2 Rfh8 44. h4 Rd7 45. Rb3 Rf8 46. Rbb6 Rdf7 47.
Kh3 Kh5 48. Rbd6 Kg6 49. g4 Rh8 50. g5 Kg7 51. Rxf6 Re7 52. Rfe6 Rhe8 53. Rxe7+
Rxe7 54. Re6 1-0

[Event "4NCL/Div3/SWD2 vs. WWKS"]
[Site "Sunningdale ENG"]
[Date "2008.05.03"]
[Round "9.5"]
[White "Roberts, David L"]
[Black "Fishburne, Stewart K"]
[Result "1-0"]
[WhiteElo "2145"]
[BlackElo "2132"]
[PlyCount "151"]
[EventDate "2008.05.03"]
[EventType "team"]
[EventRounds "11"]
[EventCountry "ENG"]
[SourceDate "2007.09.15"]

1. e4 g6 2. d4 Bg7 3. Nc3 d6 4. f4 Nf6 5. Nf3 O-O 6. Bd3 Nc6 7. O-O Bg4 8. e5
dxe5 9. dxe5 Nd5 10. h3 Bxf3 11. Qxf3 Ndb4 12. Be4 f5 13. Bxc6 Nxc6 14. Rd1 Qc8
15. Be3 g5 16. Nd5 e6 17. Nf6+ Bxf6 18. exf6 gxf4 19. Bxf4 Rxf6 20. Qc3 Rg6 21.
Rd3 Ne7 22. Qd2 Nd5 23. Be5 Qf8 24. c4 Qc5+ 25. Bd4 Qxc4 26. Rc1 Qb5 27. Rb3
Qa6 28. Be5 c6 29. Qf2 Kf7 30. Qh4 h6 31. Qh5 Rag8 32. a3 b5 33. Rf3 Ke7 34.
Qh4+ Kd7 35. g3 Qb6+ 36. Bd4 Qc7 37. Bf2 Qe5 38. Rd1 Kc7 39. Bd4 Rxg3+ 40. Kh1
Qe4 41. Qxe4 fxe4 42. Rxg3 Rxg3 43. Be5+ Kb6 44. Bxg3 c5 45. Re1 e3 46. Be5 a5
47. Kg2 b4 48. a4 Kc6 49. b3 c4 50. bxc4 Nb6 51. Rxe3 Nxc4 52. Re2 Nb6 53. Bd4
Nxa4 54. Re5 b3 55. Rxa5 b2 56. Bxb2 Nxb2 57. Rh5 Nd3 58. Kf3 Kd6 59. Rxh6 Ne5+
60. Ke4 Nf7 61. Rg6 Ke7 62. h4 Nd6+ 63. Kf4 Kf7 64. h5 Nf5 65. Kg5 Ng3 66. Rf6+
Ke7 67. Rf3 Nf5 68. Ra3 Kf7 69. Ra7+ Kg8 70. Kg6 Nh4+ 71. Kf6 Nf5 72. Rb7 Kh8
73. Kxe6 Ng7+ 74. Kf7 Nxh5 75. Rb5 Ng7 76. Rg5 1-0